000 00384nam a2200157Ia 4500
003 Ost
005 20260225132538.0
008 260225s9999||||xx |||||||||||||| ||und||
040 _cfsic
041 _afre
082 _a70.965
100 _aBernard le conte
_eAuteur
245 0 _aLa vérité l'emportera toujours sous le mensonge /
245 0 _cBernard le conte
942 _cكتاب
999 _c33335
_d33335